Tuyển chọn các bài tập và mẫu đề thi trắc nghiệm tiếng Anh. T.3 T.3
Shranjeno v:
| Glavni avtor: | |
|---|---|
| Format: | Knjiga |
| Izdano: |
Thanh niên
2007
|
| Oznake: |
Označite
Brez oznak, prvi označite!
|
| Thư viện lưu trữ: | Mạng thư viện Đại học Đà Nẵng |
|---|
| LEADER | 00842nam a2200253 a 4500 | ||
|---|---|---|---|
| 001 | 000041746 | ||
| 003 | 29104 | ||
| 005 | 20171030155812.0 | ||
| 008 | 171030s2007 | ||
| 020 | |c 9500 | ||
| 040 | |a LNN | ||
| 082 | 0 | |a 428 |b TR-T | |
| 100 | 1 | |a Trịnh, Thanh Toản | |
| 245 | 0 | 0 | |a Tuyển chọn các bài tập và mẫu đề thi trắc nghiệm tiếng Anh. T.3 |c Trịnh Thanh Toản. |n T.3 |
| 260 | |b Thanh niên |c 2007 | ||
| OWN | |a LNN | ||
| AVA | |a UDN50 |b LNN |d 428 TR-T |e available |t Error 5001 Not defined in file expand_doc_bib_avail. |f 1 |g 0 |h N |i 0 |k 1 | ||
| 999 | |a From the UDN01 | ||
| AVA | |a UDN50 |b LNN |d 428 TR-T |e available |t Error 5001 Not defined in file expand_doc_bib_avail. |f 1 |g 0 |h N |i 0 |k 1 | ||
| TYP | |a Monograph | ||
| TYP | |a Printed language | ||
| 980 | |a Mạng thư viện Đại học Đà Nẵng | ||